000 00493nam a2200169Ia 4500
999 _c21592
_d21592
003 OSt
005 20200615125312.0
008 190216s9999||||xx |||||||||||||| ||und||
020 _a9789380921716
040 _coclc
082 _a305.56880954
_bGEE/S
100 _aGeetanjali
_92898
245 0 _aStatus Of Dalits In India /
_cGeetanjali
260 _bCentrum Press,
_c2011.
_aNew Delhi:
300 _a280p
942 _cBK
_2ddc
_h305.56880954
_iGEE/S
_k305.56880954
_mGEE/S